000 01530nam a2200397 c 4500
999 _c185220
_d185220
003 BLK
005 20220224115829.0
008 180411b bul|||||r ||||||| ||bul||
010 _aKNG00194213000
040 _aBLK
041 _aBUL
_cBUL
072 7 _2bullib
_aЯ
_xАвтографи
072 7 _2bullib
_aН8400
_xБългарска поезия Н
072 7 _2bullib
_aРА
_xРусенски автори
072 7 _2bullib
_aК
_xКраезнание
080 _aБългарска литература
_b821.163.2
_x-1
_z821.163.2-1
100 1 _aБилчев, Тодор Билчев
_eпърви автор
_9365819
139 _aБилчев, Тодор Билчев
_bБ 44
245 1 0 _aПрашинки от безкрая
_bПоетична хроника на душата по сезони, дни и часове - 365 духовни отломки - март 2015 - март 2016
_cТодор Билчев Билчев.
257 _aBGR
260 _bИзд. авт.
_c2016
_fРусе : Изд. център при РУ А. Кънчев
300 _a394 с.
_c23 см
380 _aX
500 _aСъдържа и за авт.
651 4 _aРусе
_9179462
651 4 _aБългария
_9241624
653 _aстихотворения
659 _aК
659 _aН
659 _aЯ
852 _aЦб 282949
852 _aК 821.163.2/Б 44 Т
856 4 _qpdf
856 4 _qpdf
942 _cKNG
_n0
_s1
944 _aCR
_c21.10.2016
_lф /
_kВиолета_Тройчева
944 _aED
_c20.02.2018
_lф /
_kЛюдмила_Стоянова
999 _d185220
999 _d185220